All-risks insurance (Record no. 117322)

MARC details
000 -LEADER
fixed length control field 01553cam a2200241 4500
001 - CONTROL NUMBER
control field ABS67744
008 - FIXED-LENGTH DATA ELEMENTS--GENERAL INFORMATION
fixed length control field 040507n2004 000 0 eng u
035 ## - SYSTEM CONTROL NUMBER
System control number (Sirsi) u126139
100 ## - MAIN ENTRY--PERSONAL NAME
Personal name Brewer, G.
245 ## - TITLE STATEMENT
Title All-risks insurance
260 ## - PUBLICATION, DISTRIBUTION, ETC.
Date of publication, distribution, etc. 2004
490 ## - SERIES STATEMENT
Series statement Contract Journal
Volume/sequential designation 422(6468) 24 March 2004, 26(1)
520 ## - SUMMARY, ETC.
Summary, etc. In "Amec Civil Engineering Ltd v Norwich Union Fire Insurance Society Ltd" ([2003] EWHC 1341 (TCC), unreported), Amec (A) undertook land reclamation work on behalf of the States of Jersey (J). Part of the work involved construction of a curved sea defence wall, comprised of substantial reinforced concrete blocks. The visual appearance of the blocks was important as it was to be used as a seat and (J) insisted asbestos spacer blocks were not used in its construction as they would be visible. A used reinforced concrete spacer blocks, but during construction of the wall rust stains appeared, indicating the reinforcement was too near the surface of some of the blocks. A agreed to replace the affected blocks. A claimed against Norwich Union (N) on its all-risks insurance. N argued the policy covered loss or physical damage to A's property, whereas the blocks were just badly built. A's claim was dismissed.
590 ## - LOCAL NOTE (RLIN)
Local note ABS
590 ## - LOCAL NOTE (RLIN)
Local note ABS
650 ## - SUBJECT ADDED ENTRY--TOPICAL TERM
Topical term or geographic name entry element ALL RISK INSURANCE
650 ## - SUBJECT ADDED ENTRY--TOPICAL TERM
Topical term or geographic name entry element AMEC CIVIL ENGINEERING LTD V NORWICH UNION FIRE INSURANCE SOCIETY LTD
650 ## - SUBJECT ADDED ENTRY--TOPICAL TERM
Topical term or geographic name entry element REINFORCED CONCRETE
650 ## - SUBJECT ADDED ENTRY--TOPICAL TERM
Topical term or geographic name entry element CONCRETE BLOCKS
650 ## - SUBJECT ADDED ENTRY--TOPICAL TERM
Topical term or geographic name entry element SEA DEFENCES
690 ## - LOCAL SUBJECT ADDED ENTRY--TOPICAL TERM (OCLC, RLIN)
Topical term or geographic name as entry element INSURANCE-CASE LAW
942 ## - ADDED ENTRY ELEMENTS (KOHA)
Suppress in OPAC 0
Holdings
Withdrawn status Lost status Source of classification or shelving scheme Damaged status Not for loan Home library Current library Shelving location Date acquired Total Checkouts Full call number Barcode Date last seen Copy number Price effective from Koha item type
    Dewey Decimal Classification     London London Journal article 07/05/2004   ABS67744 126139-1001 06/08/2019 1 06/08/2019 Journal article